000 00309nam a22001337a 4500
008 171030b xxu||||| |||| 00| 0 eng d
020 _a9780132883412
041 _aeng
080 _a336
100 _a57
101 _aFIN
245 _aCASE STUDIES IN MODERN CORPORATE FINANCE
_cWHITE,R.W
942 _2udc
_cBK
999 _c36438
_d36438